Statistics for MELANIE MARTINEZZ

Click here to take the quiz!

General Stats

  • This quiz has been taken 354 times
  • The average score is 5 of 9

Answer Stats

YOUR MOM :)Answer% Correct
What was Melanie's First song on her album crybabyCrybaby
98%
what is her most popular songcrybaby
98%
does melanie own jeansNo
91%
does Melanie wear shoes when she performsno
91%
What is Her full nameMelanie Adele Martinez
57%
when is her birthdayApril 28 1995
24%
what does melanie always looseHer phone
12%
what 2 things is Melanie afraid ofDark and bees
9%
what color is her current hairBlue and black
7%

Score Distribution

Percentile by Number Answered

Percent of People with Each Score

Your Score History

You have not taken this quiz